000 00435nam a2200157Ia 4500
008 221030s9999 xx 000 0 und d
020 _a8129702126
041 _aEnglish
082 _a105.23
_bCar
100 _aJ. J. Carr
245 0 _aElements of Electronic Instrumentation & Measurement ( DEPARTMENTAL )
_cby J. J. Carr
260 _bPearson Education
_aNew Delhi
_c2005
300 _a608
650 _aECE Departmental
942 _cBK
999 _c502
_d502